LDR 01414nam a2200337 4500 001 000000367761 003 CaOOAMICUS 005 20260514080412.0 008 260513s2026 it 000 u ita r 020 $a978-88-04-81495-5 040 $aSeMil$bita 100 0 $aLeo XIV,$c
.$0(OLS)http://semarc/name/121988 245 10$aCostruttori di pace :$bessere testimoni di fede, amore e unità /$cLeone 14. ; a cura di Giuliano Vigini. 264 1$aMilano :$bMondadori,$c2026. 300 $aXXIX, 179 p. ;$c23 cm 490 1 $aOrizzonti 650 4$aLeone XIV
- Scritti, discorsi, omelie, etc.$0(OLS)http://semarc/subject/59332 700 1 $aVigini, Giuliano,$d<1946- >.$0(OLS)http://semarc/name/6731 830 0$aOrizzonti.$0(OLS)http://semarc/title/432811 850 $aSeMil 852 $aSeMil$W1$xVenegono$y1$m2A IV 8$j271864$B258449$CSeMilBibl$Z2$F258449 $81 900 1 $aPrévost, Robert Francis,$d<1955- >. 900 0 $aLeone XIV$c
. 941 1 $a7 961 $aOmaggio mons. Mario Delpini 996 $6020$a978-88-04-81495-5$9(OLS)http://semarc/number/305905 996 $6245$aCostruttori di pace :$bessere testimoni di fede, amore e unità$9(OLS)http://semarc/title/459737 996 $6264$aMilano :$bMondadori$9(OLS)http://semarc/publisher/30335